The third family and the Physics of flavour (Record no. 11326)

MARC details
000 -LEADER
fixed length control field 00752nam a2200181Ia 4500
003 - CONTROL NUMBER IDENTIFIER
control field IN-BaIIA
008 - FIXED-LENGTH DATA ELEMENTS--GENERAL INFORMATION
fixed length control field 211028s9999 xx 000 0 eng d
040 ## - CATALOGING SOURCE
Transcribing agency IIA Library
080 ## - UNIVERSAL DECIMAL CLASSIFICATION NUMBER
Universal Decimal Classification number 539.12(082.1)
Item number THE
111 ## - MAIN ENTRY--MEETING NAME
Meeting name or jurisdiction name as entry element XX SLAC Summer institute on pticle Physics
Number of part/section/meeting 20th
Location of meeting USA, NTIS
Date of meeting or treaty signing 1992 July 13-24
9 (RLIN) 19451
245 #4 - TITLE STATEMENT
Title The third family and the Physics of flavour
Remainder of title proceedings of the XX SLAC summer Institute on pt.icle Physics, held on 13-24 Jul 1992
Statement of responsibility, etc. edited by Lilian Vassilian
260 ## - PUBLICATION, DISTRIBUTION, ETC.
Place of publication, distribution, etc. USA, NTIS
Name of publisher, distributor, etc. Stanford University Press
Date of publication, distribution, etc. 1993
300 ## - PHYSICAL DESCRIPTION
Extent [various pagings.]
650 ## - SUBJECT ADDED ENTRY--TOPICAL TERM
Topical term or geographic name entry element Astronomy and Astrophysics thesaurus
650 ## - SUBJECT ADDED ENTRY--TOPICAL TERM
Topical term or geographic name entry element pticle Physics
9 (RLIN) 2818
700 ## - ADDED ENTRY--PERSONAL NAME
Personal name Vassilian, Lilian,ed.
9 (RLIN) 19452
942 ## - ADDED ENTRY ELEMENTS (KOHA)
Koha item type Books
Holdings
Withdrawn status Lost status Damaged status Not for loan Home library Current library Shelving location Date acquired Total Checkouts Full call number Barcode Date last seen Price effective from Koha item type
        IIA Library-Bangalore IIA Library-Bangalore General Stacks 20/03/1995   539.12(082.1)/ THE 12241 05/11/2021 20/03/1995 Books

Powered by Koha